ONLINE PUBLIC ACCESS CATALOG(OPAC)

Database system concepts (Record no. 64821)

MARC details
000 -LEADER
fixed length control field 00400nam a2200157 4500
008 - FIXED-LENGTH DATA ELEMENTS--GENERAL INFORMATION
fixed length control field 251216b |||||||| |||| 00| 0 eng d
020 ## - INTERNATIONAL STANDARD BOOK NUMBER
International Standard Book Number 9789390727506
082 ## - DEWEY DECIMAL CLASSIFICATION NUMBER
Classification number 005.74 SIL
100 ## - MAIN ENTRY--PERSONAL NAME
Personal name Silberschatz, Abraham; Korth, Henry F.; Sudarshan S
245 ## - TITLE STATEMENT
Title Database system concepts
250 ## - EDITION STATEMENT
Edition statement 7th
260 ## - PUBLICATION, DISTRIBUTION, ETC. (IMPRINT)
Place of publication, distribution, etc Chennai
Name of publisher, distributor, etc McGraw Hill
Date of publication, distribution, etc 2021
300 ## - PHYSICAL DESCRIPTION
Extent 1344
650 ## - SUBJECT ADDED ENTRY--TOPICAL TERM
Topical term or geographic name as entry element Bsc-CA
942 ## - ADDED ENTRY ELEMENTS (KOHA)
Item type Reference
Holdings
Withdrawn status Lost status Source of classification or shelving scheme Damaged status Not for loan Collection code Home library Current library Shelving location Date acquired Source of acquisition Cost, normal purchase price Total Checkouts Full call number Barcode Date last seen Koha item type Public note
    Dewey Decimal Classification     Under Graduation School of Computer Applications School of Computer Applications Bachelor of Computer Applications 16/12/2025 AO Enterprises 1199.00   005.74 SIL CA1404 16/12/2025 Reference Rack No.R12 Shelf No.11
    Dewey Decimal Classification     Under Graduation School of Computer Applications School of Computer Applications Bachelor of Computer Applications 16/12/2025 AO Enterprises 1199.00   005.74 SIL CA1405 16/12/2025 Circulation Rack No.C10 Shelf No.09
    Dewey Decimal Classification     Under Graduation School of Computer Applications School of Computer Applications Bachelor of Computer Applications 16/12/2025 AO Enterprises 1260.00   005.74 SIL CA1394 16/12/2025 Reference Rack No.R12 Shelf No.11
    Dewey Decimal Classification     Under Graduation School of Computer Applications School of Computer Applications Bachelor of Computer Applications 16/12/2025 AO Enterprises 1260.00   005.74 SIL CA1395 16/12/2025 Circulation Rack No.C10 Shelf No.09

Powered by Koha